Adoption by lesbian, gay and bisexual parents an overview of Current Law

Detalles Bibliográficos
Autor Corporativo: National Center for Lesbian Rights (Estados Unidos)
Formato: Desconocido
Lenguaje:inglés
Publicado: [United States] : National Center for Lesbian Rights, [200?]
Materias:
Acceso en línea:Acceso restringido

MARC

LEADER 00000ny a22000003n 4500
005 2011061709139.0
008 930805s2008 us 000 0 eng d
035 |a 3210 
040 |a BUS  |d vLex 
090 |c 819  |d 819 
245 0 0 |a Adoption by lesbian, gay and bisexual parents  |h [Recurso electrn̤ico]  |b an overview of Current Law 
256 |a Servicio en ln̕ea 
260 |a [United States] :  |b National Center for Lesbian Rights,  |c [200?] 
300 |a p ;  |c cm 
506 1 |a Contenido solo disponible en los productos indicados  |d vLex Global  |d vLex Global (Academic Edition, excluding Law Schools)  |d vLex Global (Academic Edition, Law Schools) 
650 0 4 |a Adopcin̤  |x Derecho  |z Estados Unidos 
650 0 4 |a Homosexualidad  |x Derecho  |z Estados Unidos 
710 2 |a National Center for Lesbian Rights (Estados Unidos) 
740 0 |a vLex Libros (Servicios en ln̕ea) 
856 4 0 |z Acceso restringido  |u http://vlex.com/source/3210 
942 |c BOOK 
999 0 |a Adoption  |b Law